Quiz sur le Canada - Statistiques

Statistiques générales
  • Ce quiz a été pris 94 fois
  • Le résultat moyen est 5 sur 15
Statistiques - réponses
Question Réponse % Correct
Quelle est la capitale du Canada Ottawa
92%
Combien le Canada a de provinces 10
58%
D'ou viennent les immigrants du Canada majoritairement Algérie
50%
Quel est l'état le plus peuplée du Canada Ontario
50%
Quel est l'animal totem du Canada castor
42%
Quel est l'instrument traditionel Canadien La Cornemuse
25%
Quel est l'état le plus froid du Canada Territoire du nord-ouest
25%
klwnef adawdaw
17%
Quel est l'aliment le plus détesté par les Canadiens casu marzu
17%
Quels sont les jeux traditionels canadien Colin-maillard, tag, petit cochon, marelle
17%
iudhwoieuaoenm kd, oihjfwe98ues8yuwae23k4n2
17%
Quelle est la légende Canadienne la plus connue dans le monde Train fantôme de Saint-Louis
17%
Quel est l'arbre le plus commun au canada Le bouleau à papier
8%
Quelle est la religion au Canada Les chrétiens
8%
gvdjhdwaukh iuay odfiuhsiouf uysdoiuy esufyr seiu
8%
Aucun quiz correspondant
Distribution des résultats
% des personnes avec chaque résultat
Percentile par nombre de réponses
Votre historique - résultats
Vous n’avez pas pris ce quiz